| 000 | 00672nam a22002177a 4500 | ||
|---|---|---|---|
| 999 |
_c12789 _d12789 |
||
| 003 | AR-CdUCM | ||
| 008 | 190410b ||||| |||| 00| 0 spa d | ||
| 040 |
_aMUNICIPALIDAD PROVINCIAL DEL CUSCO _cBIBLIOTECA MUNICIPAL DEL CUSCO |
||
| 082 |
_a868.52 / _bB34 / 1938 |
||
| 100 |
_aBécquer, Gustavo A. _930853 |
||
| 245 | _aLeyendas / | ||
| 260 |
_aParís : _bLibrería de la Vda. de C. Bouret, _c1938. |
||
| 300 |
_a165 páginas ; _c12 cm. |
||
| 505 | _aContenido: Leyendas. | ||
| 650 |
_aLeyendas _92226 |
||
| 650 |
_aSiglo XIX _9971 |
||
| 650 |
_aEspaña _9176 |
||
| 700 |
_aGasco Contell, Emilio (prólogo) _930854 |
||
| 942 |
_2ddc _cLIBROS |
||
| 945 |
_aachl _d2019-04-10 |
||